000 00684nam a2200241Ia 4500
003 OSt
005 20220925230645.0
006 a|||||r|||| 00| 0
007 ta
008 220923b |||||||| |||| 00| 0 eng d
037 _cGeneral Book
040 _aRTL
_cRTL
_beng
041 _2eng
_aeng
082 _aY15:3(/\), P2
100 _aAhmed Durre S Ed.
_9294092
245 0 _aGendering the spirit
_b Women, religion and the Post
260 _aLondon
_bZed Books
_c2002
300 _axi,244p
_ccm.
500 _aBibliography chapterwise
650 _aWoman Sociology
942 _hY15:3(/\), P2
_cGB
_2CC
999 _c586290
_d586290